Využitie geografických informačných systémov pre analýzu socioekonomických a demografických charakteristík geografického priestoru v rámci koncepcie geomarketingu

Enregistré dans:
Détails bibliographiques
Auteur principal: Žák, Štefan, 1971-
Format: Chapitre de livre
Langue:slovaque
Tags: Ajouter un tag
Pas de tags, Soyez le premier à ajouter un tag!

MARC

LEADER 00000naa$a2200000$$$4500
001 0141925
005 20240502072538.2
041 0 |a slo 
044 |a SK 
245 1 0 |a Využitie geografických informačných systémov pre analýzu socioekonomických a demografických charakteristík geografického priestoru v rámci koncepcie geomarketingu  |c Štefan Žák 
100 1 |a Žák, Štefan, 1971-